书目信息 |
| 题名: |
百年典型战例回顾(闪电出击)
|
|
| 作者: | 陈克清 编著 | |
| 分册: | ||
| 出版信息: | 济南 黄河出版社 2000.01 |
|
| 页数: | 318页 | |
| 开本: | 32开 | |
| 丛书名: | ||
| 单 册: | ||
| 中图分类: | E846 | |
| 科图分类: | ||
| 主题词: | 战略 , 战役 , 战术 | |
| 电子资源: | ||
| ISBN: | 7-80152-124-2 | |
| 000 | 00626nam0 2200217 45 | |
| 001 | 0102131544 | |
| 005 | 20010213152534.4 | |
| 010 | @a7-80152-124-2@d16.00元 | |
| 100 | @a20010213d2000 km y0chiy0120 ea | |
| 101 | 0 | @achi |
| 105 | @a z 000yy | |
| 200 | 1 | @a百年典型战例回顾(闪电出击)@ABai Nian Dian Xing Zhan Li Hui Gu(Shan Dian Chu Ji)@f陈克清等编著@FChen Ke Qing Deng Bian Zhu |
| 210 | @a济南@c黄河出版社@d2000.01 | |
| 215 | @a318页@d32开 | |
| 606 | 0 | @a战略 |
| 606 | 0 | @a战役 |
| 606 | 0 | @a战术 |
| 690 | @aE846@v3 | |
| 701 | 0 | @a陈克清@4编著 |
| 801 | @aCN@bPftUser@c20010213 | |
| 905 | @b321558-569@dE846@eCH682@f12 | |
| 百年典型战例回顾(闪电出击)/陈克清等编著.-济南:黄河出版社,2000.01 |
| 318页;32开 |
| ISBN 7-80152-124-2:16.00元 |
| ● |
| 相关链接 |
|
|
|
正题名:百年典型战例回顾(闪电出击)
索取号:E846/CH682
 
预约/预借
| 序号 | 登录号 | 条形码 | 馆藏地/架位号 | 状态 | 备注 |
| 1 | 321558 | 203215582 | 社科库509/ [索取号:E846/CH682] | 在馆 | |
| 2 | 321559 | 203215591 | 社科库509/509社科库 122排1列6层/ [索取号:E846/CH682] | 在馆 | |
| 3 | 321560 | 203215608 | 社科库509/509社科库 122排1列6层/ [索取号:E846/CH682] | 在馆 | |
| 4 | 321561 | 203215617 | 社科库509/509社科库 122排1列6层/ [索取号:E846/CH682] | 在馆 | |
| 5 | 321562 | 203215626 | 社科库509/509社科库 122排1列6层/ [索取号:E846/CH682] | 在馆 | |
| 6 | 321563 | 203215635 | 社科库509/509社科库 122排1列6层/ [索取号:E846/CH682] | 在馆 | |
| 7 | 321564 | 203215644 | 社科库509/509社科库 122排1列6层/ [索取号:E846/CH682] | 在馆 | |
| 8 | 321565 | 203215653 | 社科库509/509社科库 122排1列6层/ [索取号:E846/CH682] | 在馆 | |
| 9 | 321566 | 203215662 | 社科库509/509社科库 122排1列6层/ [索取号:E846/CH682] | 在馆 | |
| 10 | 321568 | 203215680 | 社科库509/509社科库 122排1列6层/ [索取号:E846/CH682] | 在馆 | |
| 11 | 321569 | 203215699 | 社科库509/509社科库 122排1列6层/ [索取号:E846/CH682] | 在馆 |